Представление документа в формате RUSMARC

ПолеНазваниеЗначение
  Тип записи a
  Библиографический уровень m
001 Контрольный номер 3494f3ac8b134632850dfc42014686ee
005 Дата корректировки 20181120091658.8
010 Индекс ISBN __
a ISBN 5-94798-097-5
200 Заглавие и сведения об ответственности 1_
a Заглавие Финансово-экономический анализ хозяйственной деятельности коммерческих организаций
f Первые сведения об ответственности Пивоваров, Кирилл Владимирович
210 Выходные данные 1_
a Место издания М.
c Издательство Дашков и К
d Дата издания 2003
215 Физическое описание __
a Объем 118 с.
610 Ключевые слова 0_
a Ключевые слова анализ
610 Ключевые слова 0_
a Ключевые слова финансово-экономический анализ
610 Ключевые слова 0_
a Ключевые слова хозяйственная деятельность
610 Ключевые слова 0_
a Ключевые слова коммерческие организации
610 Ключевые слова 0_
a Ключевые слова анализ
610 Ключевые слова 0_
a Ключевые слова анализ динамики
610 Ключевые слова 0_
a Ключевые слова анализ доходов,прибыли,рентабельности
610 Ключевые слова 0_
a Ключевые слова анализ финансовой деятельности
610 Ключевые слова 0_
a Ключевые слова анализ хозяйственной деятельности
610 Ключевые слова 0_
a Ключевые слова баланс
610 Ключевые слова 0_
a Ключевые слова экономический анализ
610 Ключевые слова 0_
a Ключевые слова анализ показателей по труду
610 Ключевые слова 0_
a Ключевые слова анализ производства и реализации продукции
610 Ключевые слова 0_
a Ключевые слова анализ эффективности использования имущества
686 Индексы других классификаций __
a Классификационный индекс 65.053
2 Код системы rubbk
686 Индексы других классификаций __
a Классификационный индекс 65.053.9(2)
2 Код системы rubbk
700 Автор _1
a Фамилия Пивоваров, Кирилл Владимирович
801 Источник записи _0
a Страна RU
b Организация РУК
c Дата составления 20041028
g Правила каталогизации PSBO
801 Источник записи _1
a Страна RU
b Организация РУК
c Дата составления 20041028
g Правила каталогизации PSBO
852 Данные о местонахождении __
i Авторский знак П32
j Шифр хранения ББК 65.053
901 Тип документа __
t Тип документа m
938 Служебная информация __
a Название организации Головной вуз
b Имя БД BOOK
c Название АИБС АИБС ИРБИС
938 Служебная информация __
a Название организации Владимирский филиал
938 Служебная информация __
a Название организации Ижевский филиал